[Event "Madrid-ch 2018-2019 - Previa A"]
[Site "Madrid ESP"]
[Date "2019.02.11"]
[Round "5.20"]
[White "Cano Mercado, Francisco Manuel"]
[Black "Corral Aragon, Juan Maria"]
[Result "1-0"]
[WhiteElo "1739"]
[BlackElo "1789"]
[PlyCount "137"]
[EventDate "2019.02.04"]
[EventType "swiss"]
[EventRounds "9"]
[EventCountry "ESP"]
[SourceTitle "Ajedrez en Madrid"]
[Source "lmi"]
[SourceDate "2019.02.04"]
[SourceVersion "1"]
[SourceVersionDate "2019.02.22"]
[SourceQuality "1"]

1. d4 d5 2. Bf4 Bf5 3. e3 e6 4. Nd2 Bd6 5. Bg3 h5 6. Ngf3 h4 7. Be5 f6 8. Bxd6
Qxd6 9. c4 c6 10. Qb3 Qc7 11. Rc1 Qb6 12. cxd5 exd5 13. Qa3 Nd7 14. h3 a5 15.
Be2 Qb4 16. O-O Qxa3 17. bxa3 a4 18. Rc3 Ne7 19. Rfc1 g5 20. Ne1 Kf7 21. Nd3
Rag8 22. f3 Be6 23. e4 f5 24. Rf1 Ke8 25. Nf2 dxe4 26. fxe4 g4 27. exf5 Bxf5
28. Bxg4 Bxg4 29. Nxg4 Nd5 30. Rcf3 Rg6 31. Re1+ Kd8 32. Rf7 Rhg8 33. Nf3 N7f6
34. Nfe5 Rxg4 35. hxg4 Nxg4 36. Rxb7 Kc8 37. Ra7 Rg5 38. Rf1 Ngf6 39. Rf7 h3
40. R7xf6 Rxg2+ 41. Kh1 Nxf6 42. Rxf6 Rxa2 43. Rxc6+ Kb7 44. Rc3 Rd2 45. Rc4 h2
46. Rxa4 Kc7 47. Ng4 Kd6 48. Nxh2 Kd5 49. Nf3 Rd3 50. Kg2 Ke4 51. Ra8 Rc3 52.
a4 Kf4 53. Rf8+ Ke4 54. a5 Ra3 55. Ra8 Kf4 56. Ne5 Ra2+ 57. Kf1 Ke3 58. Nc6
Rf2+ 59. Kg1 Rf6 60. Rc8 Rg6+ 61. Kh2 Kf2 62. Kh3 Rg3+ 63. Kh4 Ra3 64. Kg5 Ke3
65. Kf5 Ra1 66. Ke6 Ke4 67. Kd6 Rh1 68. Re8+ Kd3 69. a6 1-0

[Event "Madrid-ch 2018-2019 - Previa A"]
[Site "Madrid ESP"]
[Date "2019.02.11"]
[Round "5.22"]
[White "Fernandez Rios, Jose Francisco"]
[Black "Martinez Pintor, Juan"]
[Result "1-0"]
[WhiteElo "1780"]
[BlackElo "1604"]
[PlyCount "51"]
[EventDate "2019.02.04"]
[EventType "swiss"]
[EventRounds "9"]
[EventCountry "ESP"]
[SourceTitle "Ajedrez en Madrid"]
[Source "lmi"]
[SourceDate "2019.02.04"]
[SourceVersion "1"]
[SourceVersionDate "2019.02.22"]
[SourceQuality "1"]

1. d4 d5 2. c4 c6 3. Nf3 Nf6 4. e3 e6 5. Nbd2 Nbd7 6. b3 Bd6 7. Bb2 Qe7 8. Ne5
c5 9. Bd3 O-O 10. O-O cxd4 11. exd4 Ba3 12. Bxa3 Qxa3 13. Qc2 Qd6 14. c5 Qc7
15. f4 g6 16. b4 Nxe5 17. fxe5 Nh5 18. g4 Ng7 19. a4 Qe7 20. Nf3 f6 21. exf6
Rxf6 22. Ne5 Ne8 23. Qd2 Bd7 24. g5 Rxf1+ 25. Rxf1 Ng7 26. Rf7 1-0

[Event "Madrid-ch 2018-2019 - Previa A"]
[Site "Madrid ESP"]
[Date "2019.02.11"]
[Round "5.23"]
[White "Valencia De Loma, Sergio"]
[Black "Martinez Martinez, Javier II"]
[Result "1-0"]
[WhiteElo "1757"]
[BlackElo "1588"]
[PlyCount "91"]
[EventDate "2019.02.04"]
[EventType "swiss"]
[EventRounds "9"]
[EventCountry "ESP"]
[SourceTitle "Ajedrez en Madrid"]
[Source "lmi"]
[SourceDate "2019.02.04"]
[SourceVersion "1"]
[SourceVersionDate "2019.02.22"]
[SourceQuality "1"]

1. d4 Nf6 2. Bg5 Ne4 3. h4 d5 4. Nd2 Nxg5 5. hxg5 e6 6. f4 Bd6 7. e3 Nc6 8. c3
Bd7 9. g6 fxg6 10. Bd3 Qf6 11. g4 O-O-O 12. g5 Qf7 13. Ngf3 Bxf4 14. exf4 Qxf4
15. Qe2 Qg3+ 16. Qf2 Qxf2+ 17. Kxf2 Rdf8 18. Kg2 Ne7 19. Rae1 h5 20. Ne5 Be8
21. Ndf3 Rf4 22. Nh4 Rhf8 23. Ref1 Rxf1 24. Rxf1 Nf5 25. Nhxg6 Ne3+ 26. Kg1
Rxf1+ 27. Bxf1 Kd8 28. Be2 Bxg6 29. Nxg6 Kd7 30. Bxh5 Nc4 31. Bg4 Nxb2 32. Nf8+
Ke7 33. Nxe6 c6 34. Nxg7 Kf7 35. Ne6 Kg6 36. Kg2 Na4 37. Kg3 Nxc3 38. Kf4 Ne4
39. Bf5+ Kf7 40. g6+ Kg8 41. Bxe4 dxe4 42. Kxe4 b5 43. d5 cxd5+ 44. Kxd5 b4 45.
Kc4 a5 46. Kb3 1-0

[Event "Madrid-ch 2018-2019 - Previa A"]
[Site "Madrid ESP"]
[Date "2019.02.11"]
[Round "5.25"]
[White "Martinez Carrasco, Jesus"]
[Black "Caamaño Jimenez, Luis"]
[Result "0-1"]
[WhiteElo "1567"]
[BlackElo "1709"]
[PlyCount "59"]
[EventDate "2019.02.04"]
[EventType "swiss"]
[EventRounds "9"]
[EventCountry "ESP"]
[SourceTitle "Ajedrez en Madrid"]
[Source "lmi"]
[SourceDate "2019.02.04"]
[SourceVersion "1"]
[SourceVersionDate "2019.02.22"]
[SourceQuality "1"]

1. d4 d6 2. c4 Nd7 3. e4 g6 4. Nf3 Bg7 5. Nc3 b6 6. Be3 Bb7 7. Be2 Ngf6 8. d5
c6 9. O-O cxd5 10. cxd5 O-O 11. Qd2 Nc5 12. Qc2 Rc8 13. Nd2 e6 14. dxe6 fxe6
15. f3 d5 16. exd5 exd5 17. Bd4 Ne6 18. Nb3 Nxd4 19. Nxd4 Nh5 20. Ne6 Qh4 21.
Nxf8 Bd4+ 22. Rf2 Qxf2+ 23. Kh1 Nf4 24. Bd3 Nxd3 25. Qxd3 Rxf8 26. Rf1 Qe3 27.
Qc2 Bxc3 28. bxc3 Rc8 29. Rc1 Ba6 30. Qb3 0-1

[Event "Madrid-ch 2018-2019 - Previa A"]
[Site "Madrid ESP"]
[Date "2019.02.11"]
[Round "5.26"]
[White "Becerra Baigorri, Jose"]
[Black "De Dompablo Fantova, Juan"]
[Result "1-0"]
[WhiteElo "1479"]
[BlackElo "1678"]
[PlyCount "135"]
[EventDate "2019.02.04"]
[EventType "swiss"]
[EventRounds "9"]
[EventCountry "ESP"]
[SourceTitle "Ajedrez en Madrid"]
[Source "lmi"]
[SourceDate "2019.02.04"]
[SourceVersion "1"]
[SourceVersionDate "2019.02.22"]
[SourceQuality "1"]

1. e4 d6 2. d4 g6 3. Nf3 Bg7 4. Be3 Nf6 5. Bd3 O-O 6. h3 b6 7. O-O Bb7 8. Nbd2
Nbd7 9. c3 e5 10. Rc1 Re8 11. d5 Rc8 12. Re1 Nh5 13. c4 Nc5 14. Bc2 a5 15. a3
Nf4 16. Nb3 Na6 17. Kh2 Qd7 18. Ng1 Ra8 19. g3 Nh5 20. Nd2 Nc5 21. Bxc5 bxc5
22. Ba4 c6 23. Ndf3 Qc7 24. Qd2 Red8 25. Rcd1 cxd5 26. cxd5 Ba6 27. b3 Rab8 28.
Rc1 Qb6 29. Ne2 Bb5 30. Bxb5 Qxb5 31. Rb1 Qb6 32. Nc3 Qc7 33. a4 c4 34. Nb5 Qc5
35. Kg2 cxb3 36. Rxb3 Nf6 37. Qxa5 Ra8 38. Qb4 Qc2 39. Na3 Qc7 40. Rc3 Qa5 41.
Rc4 Qxb4 42. Rxb4 Rdc8 43. Nc4 Ra6 44. a5 Nd7 45. Nb6 Nxb6 46. axb6 Rb8 47. b7
Ra7 48. Reb1 Bf6 49. Nd2 Bd8 50. Nc4 Bc7 51. R4b2 Kf8 52. f4 f6 53. fxe5 fxe5
54. Kf3 Ke7 55. Kg4 h6 56. h4 Ra4 57. Rb4 Ra2 58. h5 g5 59. Ne3 Ba5 60. Nf5+
Kd7 61. Rc4 Ra3 62. Nxh6 Bd2 63. Nf5 Ra6 64. h6 Ba5 65. h7 Bc7 66. Kxg5 Rh8 67.
Kg6 Rf8 68. Kg7 1-0

[Event "Madrid-ch 2018-2019 - Previa A"]
[Site "Madrid ESP"]
[Date "2019.02.11"]
[Round "5.27"]
[White "Marivela Santos, Juan Carlos"]
[Black "Enriquez Pastor, Jorge"]
[Result "1/2-1/2"]
[WhiteElo "1677"]
[BlackElo "1492"]
[PlyCount "115"]
[EventDate "2019.02.04"]
[EventType "swiss"]
[EventRounds "9"]
[EventCountry "ESP"]
[SourceTitle "Ajedrez en Madrid"]
[Source "lmi"]
[SourceDate "2019.02.04"]
[SourceVersion "1"]
[SourceVersionDate "2019.02.22"]
[SourceQuality "1"]

1. c4 c5 2. Nc3 Nc6 3. g3 Nf6 4. Bg2 e6 5. e3 d5 6. Nge2 Ne5 7. cxd5 Nd3+ 8.
Kf1 exd5 9. Nf4 Nxf4 10. Qa4+ Bd7 11. Qxf4 Bc6 12. d4 cxd4 13. Qxd4 b6 14. b4
Rc8 15. Bb2 Bb7 16. a3 Rc4 17. Qe5+ Be7 18. Rd1 O-O 19. Nxd5 Bxd5 20. Bxd5 Kh8
21. Kg2 Rc2 22. Bf3 Qc7 23. Qxc7 Rxc7 24. Rd2 Rfc8 25. Rhd1 h6 26. Be5 Rc2 27.
Bb7 R8c4 28. Ba6 Rc6 29. Rxc2 Rxc2 30. Kf3 g5 31. g4 Kg8 32. Bb8 Ra2 33. Rd3
Bxb4 34. Bc4 Rxa3 35. Rxa3 Bxa3 36. Bxa7 Bc5 37. Bb8 Nd7 38. Bg3 Kg7 39. h3 f6
40. Ke4 Ne5 41. Bxe5 fxe5 42. Kxe5 Bb4 43. Kf5 Be1 44. f3 Bd2 45. e4 Bb4 46. e5
Be7 47. Ke6 Kf8 48. Kf5 Kg7 49. Bb5 Bd8 50. e6 Be7 51. Ke5 Bc5 52. Kd5 Kf6 53.
Kc6 Kxe6 54. Bd3 Ke5 55. Be4 Kf4 56. Kb5 Kg3 57. Bd5 Kxh3 58. Bc6 1/2-1/2

[Event "Madrid-ch 2018-2019 - Previa A"]
[Site "Madrid ESP"]
[Date "2019.02.11"]
[Round "5.28"]
[White "Martinez Miura, Enrique"]
[Black "Ramos Antona, Enrique"]
[Result "1/2-1/2"]
[WhiteElo "1673"]
[BlackElo "1521"]
[PlyCount "69"]
[EventDate "2019.02.04"]
[EventType "swiss"]
[EventRounds "9"]
[EventCountry "ESP"]
[SourceTitle "Ajedrez en Madrid"]
[Source "lmi"]
[SourceDate "2019.02.04"]
[SourceVersion "1"]
[SourceVersionDate "2019.02.22"]
[SourceQuality "1"]

1. e4 e5 2. Nf3 Nc6 3. Bb5 Nf6 4. Nc3 Bc5 5. O-O Nd4 6. Nxe5 Nxb5 7. Nxb5 O-O
8. Nc3 Bd4 9. Nf3 Bxc3 10. dxc3 Nxe4 11. Re1 d5 12. h3 Bf5 13. Bf4 c5 14. Nd2
Re8 15. Nxe4 Rxe4 16. Rxe4 Bxe4 17. Qd2 Qb6 18. b3 Qg6 19. Bg3 Qc6 20. f3 Bf5
21. Re1 Be6 22. Be5 f6 23. Bg3 Re8 24. Bf2 b6 25. Re2 Bf7 26. Be3 Re5 27. Bf4
Rxe2 28. Qxe2 g5 29. Bg3 Qb7 30. h4 h6 31. hxg5 hxg5 32. f4 gxf4 33. Bxf4 Bg6
34. Bh6 Kf7 35. Bf4 1/2-1/2

[Event "Madrid-ch 2018-2019 - Previa A"]
[Site "Madrid ESP"]
[Date "2019.02.11"]
[Round "5.29"]
[White "Martinez Pascual, Gonzalo"]
[Black "Rodriguez Bachiller, Luis"]
[Result "1-0"]
[WhiteElo "1422"]
[BlackElo "1635"]
[PlyCount "59"]
[EventDate "2019.02.04"]
[EventType "swiss"]
[EventRounds "9"]
[EventCountry "ESP"]
[SourceTitle "Ajedrez en Madrid"]
[Source "lmi"]
[SourceDate "2019.02.04"]
[SourceVersion "1"]
[SourceVersionDate "2019.02.22"]
[SourceQuality "1"]

1. d4 Nf6 2. Bf4 g6 3. e3 Bg7 4. Nf3 c5 5. c3 Qb6 6. Qb3 Nd5 7. Be5 Qxb3 8.
axb3 Bxe5 9. Nxe5 f6 10. Nf3 cxd4 11. exd4 Nc6 12. Nbd2 b6 13. b4 a5 14. Bc4
Nc7 15. O-O Bb7 16. Rfe1 d5 17. b5 Na7 18. Bb3 Naxb5 19. c4 Nd6 20. cxd5 Bxd5
21. Rac1 Bxb3 22. Rxc7 Bd5 23. Rexe7+ Kf8 24. Red7 Bxf3 25. Nxf3 Ne4 26. Rf7+
Kg8 27. d5 a4 28. Nd4 Nc5 29. Nc6 Ne6 30. dxe6 1-0

[Event "Madrid-ch 2018-2019 - Previa A"]
[Site "Madrid ESP"]
[Date "2019.02.11"]
[Round "5.30"]
[White "De Juan Rivas, Antonio"]
[Black "Marcos Herrero, Francisco"]
[Result "0-1"]
[WhiteElo "1541"]
[BlackElo "1837"]
[PlyCount "174"]
[EventDate "2019.02.04"]
[EventType "swiss"]
[EventRounds "9"]
[EventCountry "ESP"]
[SourceTitle "Ajedrez en Madrid"]
[Source "lmi"]
[SourceDate "2019.02.04"]
[SourceVersion "1"]
[SourceVersionDate "2019.02.22"]
[SourceQuality "1"]

1. e4 c5 2. Nf3 Nc6 3. d4 cxd4 4. Nxd4 g6 5. c4 Nf6 6. Nc3 d6 7. Be2 Nxd4 8.
Qxd4 Bg7 9. e5 dxe5 10. Qxd8+ Kxd8 11. Be3 Be6 12. Rd1+ Kc8 13. O-O Rd8 14. b3
Nd7 15. Nb5 a6 16. Nc3 Kc7 17. Nd5+ Bxd5 18. Rxd5 e6 19. Rd2 Nf6 20. Rfd1 Rxd2
21. Bxd2 Ne4 22. Bb4 a5 23. Be1 Nd6 24. f3 b6 25. Bf2 Nf5 26. c5 Nd4 27. cxb6+
Kxb6 28. f4 Rd8 29. fxe5 Bxe5 30. h3 f5 31. Bc4 Rd6 32. Kf1 Bg7 33. Bxd4+ Bxd4
34. Bxe6 Kc5 35. Bg8 h6 36. Rc1+ Kb6 37. Rd1 Kb5 38. a4+ Kb4 39. Bc4 Kc3 40.
Rd3+ Kc2 41. Ke2 Rd7 42. Rd2+ Kc3 43. Rd3+ Kb4 44. Kd1 Kc5 45. Kc2 Re7 46. Rd2
Re3 47. Rd3 Re4 48. Rd2 Kd6 49. Re2 Ke5 50. Kd3 Bc5 51. Bf7 g5 52. g4 Kf4 53.
gxf5 Rd4+ 54. Kc2 Kxf5 55. Be6+ Kf4 56. Bg4 Bb4 57. Rf2+ Kg3 58. Rf3+ Kg2 59.
Rd3 Rf4 60. Re3 Rf6 61. Re2+ Kg3 62. Re3+ Kh4 63. Kd3 Bc5 64. Re5 Rd6+ 65. Ke4
Rd4+ 66. Kf5 Bb4 67. Kg6 Bc3 68. Re3 Bd2 69. Re6 h5 70. Bf5 g4 71. hxg4 hxg4
72. Re4 Rxe4 73. Bxe4 Kg3 74. Kf5 Kh3 75. Bd3 g3 76. Bf1+ g2 77. Bxg2+ Kxg2 78.
Ke4 Kf2 79. Kd3 Bb4 80. Kc2 Ke3 81. Kb2 Kd2 82. Kb1 Kc3 83. Ka2 Kc2 84. Ka1
Bc3+ 85. Ka2 Bb2 86. b4 axb4 87. a5 b3# 0-1

[Event "Madrid-ch 2018-2019 - Previa A"]
[Site "Madrid ESP"]
[Date "2019.02.11"]
[Round "5.32"]
[White "Marcelo De La Mata, Daniel"]
[Black "Cumita Waschke, Fran"]
[Result "0-1"]
[WhiteElo "1649"]
[BlackElo "1529"]
[PlyCount "66"]
[EventDate "2019.02.04"]
[EventType "swiss"]
[EventRounds "9"]
[EventCountry "ESP"]
[SourceTitle "Ajedrez en Madrid"]
[Source "lmi"]
[SourceDate "2019.02.04"]
[SourceVersion "1"]
[SourceVersionDate "2019.02.22"]
[SourceQuality "1"]

1. e4 c5 2. Nf3 Nc6 3. Bb5 Nd4 4. Nxd4 cxd4 5. c3 Qb6 6. Qe2 a6 7. Ba4 Qg6 8.
O-O b5 9. Bc2 dxc3 10. Nxc3 Bb7 11. d4 e6 12. a3 Bd6 13. f4 f5 14. exf5 Qf7 15.
Ne4 Bc7 16. Nc5 Bd5 17. fxe6 dxe6 18. Be4 Bc4 19. Bc6+ Ke7 20. Nd3 Rd8 21. f5
Rxd4 22. Qe3 Rxd3 23. Qc5+ Rd6 24. fxe6 Qxe6 25. Bg5+ Nf6 26. Rae1 Be2 27. Bf3
Bb6 28. Qxb6 Rxb6 29. Rxe2 Qxe2 30. Bxe2 Rd8 31. Re1 Re6 32. Kf1 Rd5 33. Rc1
Rxg5 0-1

[Event "Madrid-ch 2018-2019 - Previa A"]
[Site "Madrid ESP"]
[Date "2019.02.11"]
[Round "5.33"]
[White "Suarez Mencia, Roberto"]
[Black "Mejias Gonzalez, Pedro"]
[Result "0-1"]
[WhiteElo "1388"]
[BlackElo "1574"]
[PlyCount "76"]
[EventDate "2019.02.04"]
[EventType "swiss"]
[EventRounds "9"]
[EventCountry "ESP"]
[SourceTitle "Ajedrez en Madrid"]
[Source "lmi"]
[SourceDate "2019.02.04"]
[SourceVersion "1"]
[SourceVersionDate "2019.02.22"]
[SourceQuality "1"]

1. c4 c5 2. g3 Nf6 3. Bg2 Nc6 4. e3 d6 5. Ne2 Bg4 6. f3 Bd7 7. Nbc3 e5 8. O-O
Be7 9. d4 cxd4 10. exd4 exd4 11. Nxd4 Qb6 12. Nce2 O-O 13. Kh1 Rac8 14. a3 Nxd4
15. Nxd4 Rxc4 16. Ne2 Rfc8 17. Nc3 Be6 18. Re1 d5 19. Na4 Qd4 20. Qxd4 Rxd4 21.
Nc3 Rdc4 22. Bf1 R4c7 23. Nb5 Rc2 24. Nd4 R2c5 25. b4 R5c7 26. Nb5 Rd7 27. Nxa7
Ra8 28. Nb5 Bxb4 29. Re5 Bc5 30. Bb2 b6 31. Rd1 Rad8 32. Nc3 d4 33. Na4 Bb3 34.
Nxc5 bxc5 35. Bb5 Bxd1 36. Bxd7 Bxf3+ 37. Kg1 Nxd7 38. Rf5 Be2 0-1

[Event "Madrid-ch 2018-2019 - Previa A"]
[Site "Madrid ESP"]
[Date "2019.02.11"]
[Round "5.34"]
[White "Diaz Del Prado, Carlos"]
[Black "Sierra Garcia, Ricardo"]
[Result "1/2-1/2"]
[WhiteElo "1308"]
[BlackElo "1371"]
[PlyCount "62"]
[EventDate "2019.02.04"]
[EventType "swiss"]
[EventRounds "9"]
[EventCountry "ESP"]
[SourceTitle "Ajedrez en Madrid"]
[Source "lmi"]
[SourceDate "2019.02.04"]
[SourceVersion "1"]
[SourceVersionDate "2019.02.22"]
[SourceQuality "1"]

1. b3 Nf6 2. Bb2 e6 3. e3 d5 4. c4 c6 5. Nf3 Nbd7 6. Be2 Bd6 7. O-O O-O 8. d3
Qc7 9. e4 dxe4 10. dxe4 Nxe4 11. Bd3 Ndf6 12. Re1 Nc5 13. Bf1 Rd8 14. Qc2 Ncd7
15. Nbd2 Ng4 16. g3 e5 17. Ne4 Ndf6 18. Nxd6 Qxd6 19. Nxe5 Nxe5 20. Bxe5 Qd2
21. Qxd2 Rxd2 22. Red1 Rxd1 23. Rxd1 Bf5 24. Rd2 Nd7 25. Bb2 Re8 26. Re2 Rxe2
27. Bxe2 f6 28. b4 Kf7 29. Bf3 Ke6 30. Kf1 Ne5 31. Bxe5 Kxe5 1/2-1/2

[Event "Madrid-ch 2018-2019 - Previa A"]
[Site "Madrid ESP"]
[Date "2019.02.12"]
[Round "6.1"]
[White "Estevez Sacristan, Deva"]
[Black "Cabañas Bravo, Juan Andres"]
[Result "1/2-1/2"]
[WhiteElo "1952"]
[BlackElo "1916"]
[PlyCount "92"]
[EventDate "2019.02.04"]
[EventType "swiss"]
[EventRounds "9"]
[EventCountry "ESP"]
[SourceTitle "Ajedrez en Madrid"]
[Source "lmi"]
[SourceDate "2019.02.04"]
[SourceVersion "1"]
[SourceVersionDate "2019.02.22"]
[SourceQuality "1"]

1. e4 c5 2. Nf3 Qa5 3. Nc3 e6 4. g3 Nc6 5. Bg2 g6 6. O-O Bg7 7. Re1 Nge7 8. e5
Nf5 9. d3 a6 10. g4 Nfd4 11. Bf4 h6 12. Ne4 g5 13. Nd6+ Kf8 14. Bg3 Nb5 15.
Nxb5 axb5 16. d4 cxd4 17. Nxd4 Qb6 18. c3 Ke8 19. Nb3 Na5 20. Nd2 Nc4 21. b3
Nxd2 22. Qxd2 f5 23. exf6 Bxf6 24. Qd3 Kf7 25. Be5 d5 26. Re3 Bxe5 27. Rxe5 Kg7
28. Qe2 Rf8 29. Rf1 Bd7 30. h4 Rf4 31. hxg5 Raf8 32. gxh6+ Kxh6 33. Rh5+ Kg6
34. Qd3+ Kf7 35. Qg3 Ke8 36. Re5 Kd8 37. g5 Qc7 38. Qe3 b4 39. g6 Rg4 40. Rg5
Rh8 41. f4 Rxg5 42. fxg5 Qh2+ 43. Kf2 Rf8+ 44. Ke1 Qh4+ 45. Kd1 Rxf1+ 46. Bxf1
Qh5+ 1/2-1/2

[Event "Madrid-ch 2018-2019 - Previa A"]
[Site "Madrid ESP"]
[Date "2019.02.12"]
[Round "6.2"]
[White "Jimenez Gonzalez, Marcos"]
[Black "Bello Burguet, Glenier Lazaro"]
[Result "0-1"]
[WhiteElo "1757"]
[BlackElo "1934"]
[PlyCount "116"]
[EventDate "2019.02.04"]
[EventType "swiss"]
[EventRounds "9"]
[EventCountry "ESP"]
[SourceTitle "Ajedrez en Madrid"]
[Source "lmi"]
[SourceDate "2019.02.04"]
[SourceVersion "1"]
[SourceVersionDate "2019.02.22"]
[SourceQuality "1"]

1. d4 Nf6 2. c4 e6 3. g3 d5 4. Nf3 Bb4+ 5. Bd2 Be7 6. Bg2 O-O 7. O-O c6 8. Nc3
Nbd7 9. Qc2 dxc4 10. e4 Re8 11. Rfd1 a6 12. e5 Nd5 13. Ne4 b5 14. Neg5 Nf8 15.
a3 Bb7 16. h4 c5 17. dxc5 Bxc5 18. Ne4 Be7 19. Bg5 Bxg5 20. hxg5 Qe7 21. Nd6
Red8 22. Nh4 Rab8 23. Qd2 Bc6 24. Rac1 Nd7 25. f4 Nc5 26. Qf2 Nb3 27. Rc2 Ra8
28. Nf3 Nc7 29. g6 fxg6 30. Ng5 Bd5 31. Ngf7 Rf8 32. Ng5 Bxg2 33. Kxg2 h6 34.
Nf3 Nd5 35. Nh4 Qa7 36. Rxd5 Qxf2+ 37. Rxf2 exd5 38. Nxg6 Rfd8 39. Ne7+ Kh7 40.
Nxd5 Rxd6 41. exd6 Rd8 42. f5 Rxd6 43. f6 gxf6 44. Nxf6+ Kg6 45. Ne4 Re6 46.
Rf4 Nc1 47. Rg4+ Kf5 48. Rf4+ Ke5 49. Rh4 Nd3 50. a4 Nxb2 51. Nc5 Rd6 52. a5
Kd5 53. Ne4 Re6 54. Nc3+ Kc5 55. Na2 Nd3 56. Kf3 Ne5+ 57. Kf2 Nc6 58. Rf4 Nxa5
0-1

[Event "Madrid-ch 2018-2019 - Previa A"]
[Site "Madrid ESP"]
[Date "2019.02.12"]
[Round "6.3"]
[White "Vazquez Gonzalez, Francisco"]
[Black "Gueler Berdasco, Martin"]
[Result "1/2-1/2"]
[WhiteElo "1931"]
[BlackElo "1904"]
[PlyCount "40"]
[EventDate "2019.02.04"]
[EventType "swiss"]
[EventRounds "9"]
[EventCountry "ESP"]
[SourceTitle "Ajedrez en Madrid"]
[Source "lmi"]
[SourceDate "2019.02.04"]
[SourceVersion "1"]
[SourceVersionDate "2019.02.22"]
[SourceQuality "1"]

1. e4 c5 2. Nf3 d6 3. d4 cxd4 4. Nxd4 Nf6 5. Nc3 a6 6. f3 e5 7. Nb3 Be6 8. Be3
Nbd7 9. Qd2 b5 10. O-O-O Be7 11. g4 Nb6 12. Kb1 b4 13. Bxb6 Qxb6 14. Nd5 Bxd5
15. exd5 a5 16. Qe2 O-O 17. f4 a4 18. Nc1 Ra5 19. Bg2 Nd7 20. g5 Rfa8 1/2-1/2

[Event "Madrid-ch 2018-2019 - Previa A"]
[Site "Madrid ESP"]
[Date "2019.02.12"]
[Round "6.4"]
[White "Rodriguez Garcia, Alberto"]
[Black "Chidichimo, Pedro Jose Maria"]
[Result "0-1"]
[WhiteElo "1792"]
[BlackElo "1769"]
[PlyCount "108"]
[EventDate "2019.02.04"]
[EventType "swiss"]
[EventRounds "9"]
[EventCountry "ESP"]
[SourceTitle "Ajedrez en Madrid"]
[Source "lmi"]
[SourceDate "2019.02.04"]
[SourceVersion "1"]
[SourceVersionDate "2019.02.22"]
[SourceQuality "1"]

1. d4 Nf6 2. c4 c5 3. d5 e5 4. Nc3 d6 5. e4 Nbd7 6. Nf3 Be7 7. Be2 O-O 8. h3 a6
9. Be3 Ne8 10. Qd2 g6 11. h4 Ng7 12. Bh6 Nf6 13. h5 Nfxh5 14. O-O-O f5 15. Rh2
f4 16. Rdh1 Rf7 17. Kb1 Rb8 18. Nh4 Bg5 19. Bxh5 Nxh5 20. Bxg5 Qxg5 21. Nf3 Qe7
22. Qd1 Bg4 23. Rh4 Bd7 24. Nd2 Qg5 25. R4h2 b5 26. Qf3 Bg4 27. Qd3 Rfb7 28.
Rc1 Qd8 29. g3 Qa5 30. f3 Bd7 31. g4 Nf6 32. Nb3 Qb6 33. Nd1 a5 34. Qd2 a4 35.
Na5 Ra7 36. Nc6 Bxc6 37. dxc6 Qxc6 38. Qe1 g5 39. Rh6 Rf7 40. Qd2 Qa6 41. Rc3
bxc4 42. Qc2 a3 43. Rxc4 axb2 44. Rh1 Ra7 45. a4 Rab7 46. Rc3 Rb4 47. Ra3 Ra8
48. Nc3 Qa5 49. Rd1 Rc4 50. Rxd6 Ne8 51. Rd3 Rd4 52. Qb3+ c4 53. Rxd4 cxb3 54.
Rxb3 exd4 0-1

[Event "Madrid-ch 2018-2019 - Previa A"]
[Site "Madrid ESP"]
[Date "2019.02.12"]
[Round "6.5"]
[White "Barahona Torrijos, Angel"]
[Black "Viñas Lopez, Carlos"]
[Result "0-1"]
[WhiteElo "1714"]
[BlackElo "1942"]
[PlyCount "98"]
[EventDate "2019.02.04"]
[EventType "swiss"]
[EventRounds "9"]
[EventCountry "ESP"]
[SourceTitle "Ajedrez en Madrid"]
[Source "lmi"]
[SourceDate "2019.02.04"]
[SourceVersion "1"]
[SourceVersionDate "2019.02.22"]
[SourceQuality "1"]

1. e4 c5 2. Nf3 e6 3. d4 cxd4 4. Nxd4 Nf6 5. Nc3 Nc6 6. Ndb5 Bc5 7. Bf4 O-O 8.
e5 a6 9. exf6 Qxf6 10. Qd2 axb5 11. Bxb5 d5 12. O-O h6 13. Na4 Ba7 14. Bc7 Qe7
15. Bb6 Bd7 16. Bxa7 Rxa7 17. Nb6 Rd8 18. a4 Qc5 19. Nxd7 Rxd7 20. b4 Qd6 21.
c3 Rd8 22. Bxc6 Qxc6 23. a5 Rc8 24. Qd4 Ra6 25. Rac1 Qb5 26. f4 Rac6 27. Rf3
Rc4 28. Qd3 Rxb4 29. f5 Qxd3 30. Rxd3 Ra4 31. fxe6 fxe6 32. Rb1 Rc7 33. Rb5 Ra2
34. h4 Kf7 35. Rg3 Kf6 36. Rf3+ Ke5 37. c4 Rxc4 38. Rxb7 Rg4 39. Re3+ Kd4 40.
Rb4+ Kxe3 41. Rxg4 Ra1+ 42. Kh2 d4 43. Rg3+ Ke2 44. Rxg7 d3 45. Re7 d2 46.
Rxe6+ Kd3 47. Rxh6 Ra4 48. a6 d1=Q 49. a7 Qa1 0-1

[Event "Madrid-ch 2018-2019 - Previa A"]
[Site "Madrid ESP"]
[Date "2019.02.12"]
[Round "6.7"]
[White "Lopez Heras, Arturo"]
[Black "De Luna Butz, Alberto"]
[Result "1/2-1/2"]
[WhiteElo "1868"]
[BlackElo "1813"]
[PlyCount "24"]
[EventDate "2019.02.04"]
[EventType "swiss"]
[EventRounds "9"]
[EventCountry "ESP"]
[SourceTitle "Ajedrez en Madrid"]
[Source "lmi"]
[SourceDate "2019.02.04"]
[SourceVersion "1"]
[SourceVersionDate "2019.02.22"]
[SourceQuality "1"]

1. d4 c5 2. d5 d6 3. c4 e5 4. e4 Nf6 5. Bd3 Be7 6. Ne2 Nbd7 7. O-O O-O 8. Nbc3
Ne8 9. Ng3 Bg5 10. f4 Bxf4 11. Bxf4 exf4 12. Rxf4 Ne5 1/2-1/2

[Event "Madrid-ch 2018-2019 - Previa A"]
[Site "Madrid ESP"]
[Date "2019.02.12"]
[Round "6.9"]
[White "Esteban Amo, Jose M"]
[Black "Roldan Garcia, Angel"]
[Result "1/2-1/2"]
[WhiteElo "1918"]
[BlackElo "1794"]
[PlyCount "67"]
[EventDate "2019.02.04"]
[EventType "swiss"]
[EventRounds "9"]
[EventCountry "ESP"]
[SourceTitle "Ajedrez en Madrid"]
[Source "lmi"]
[SourceDate "2019.02.04"]
[SourceVersion "1"]
[SourceVersionDate "2019.02.22"]
[SourceQuality "1"]

1. d4 Nf6 2. Bf4 e6 3. e3 d5 4. Nd2 Bd6 5. Bxd6 Qxd6 6. f4 b6 7. Bd3 Ba6 8. Qe2
Bxd3 9. Qxd3 Nbd7 10. Ngf3 c5 11. c3 O-O 12. O-O cxd4 13. cxd4 Rfc8 14. Rac1
Rc7 15. Rc3 Rac8 16. Rfc1 Ne8 17. g3 Rxc3 18. Rxc3 Rxc3 19. Qxc3 Qc7 20. Qxc7
Nxc7 21. Kf2 f6 22. Ke2 Kf7 23. Kd3 Ke7 24. Nb1 Kd6 25. Nc3 Kc6 26. a3 Ne8 27.
e4 dxe4+ 28. Nxe4 Nd6 29. Nxd6 Kxd6 30. Ke4 g6 31. Nd2 f5+ 32. Kd3 Nf6 33. Nc4+
Kd5 34. Ne5 1/2-1/2

[Event "Madrid-ch 2018-2019 - Previa A"]
[Site "Madrid ESP"]
[Date "2019.02.12"]
[Round "6.10"]
[White "Ruiz Quevedo, Andres"]
[Black "Cruz Gonzalez, Antonio"]
[Result "1-0"]
[WhiteElo "1896"]
[BlackElo "1790"]
[PlyCount "65"]
[EventDate "2019.02.04"]
[EventType "swiss"]
[EventRounds "9"]
[EventCountry "ESP"]
[SourceTitle "Ajedrez en Madrid"]
[Source "lmi"]
[SourceDate "2019.02.04"]
[SourceVersion "1"]
[SourceVersionDate "2019.02.22"]
[SourceQuality "1"]

1. g3 g6 2. Bg2 Bg7 3. c4 Nf6 4. Nc3 d6 5. Nf3 O-O 6. O-O Nbd7 7. Rb1 a6 8. b4
e5 9. d3 Re8 10. Nd2 Rb8 11. a4 c5 12. bxc5 Nxc5 13. Nb3 Ne6 14. Ba3 Qc7 15.
Bb4 b6 16. Qd2 Bb7 17. Nd5 Nxd5 18. cxd5 Nc5 19. Nxc5 dxc5 20. Rfc1 Qd6 21. Ba3
Bxd5 22. a5 Rec8 23. Bxd5 Qxd5 24. Rxb6 Rxb6 25. axb6 Bf8 26. Qa5 e4 27. Qxa6
Ra8 28. Qb5 exd3 29. exd3 Qb7 30. Bxc5 Bxc5 31. Qxc5 Rb8 32. Qb5 Qxb6 33. Rc8+
1-0